000 00552nam a2200181 i 4500
001 22310
003 ES-MaACL
005 20230906152654.0
007 t|
008 021202s1971 sp ||||1| spa d
100 1 _aAlonso Baquer, Miguel.
_920258
245 1 3 _aEl ejército en la sociedad española /
_cMiguel Alonso Baquer.
260 _a[Madrid] :
_bEdiciones del Movimiento,
_c1971.
300 _a315 p., 5 lám. ;
_c21 cm.
650 4 _aSociología militar.
_9139277
710 2 _aEdiciones del Movimiento.
_9171800
852 _aES-MaACL
_jC-41100
999 _c22310
_d22310